000 00938nam a22002537a 4500
999 _c63470
_d63470
005 20240530110643.0
008 171025s2015 ua a g b 000 0 ara d
017 _a2014/23903
_bمصر. دار الكتب
020 _a9789770476819
040 _aEG-CaGPL
_cEG-CaGPL
082 0 4 _221
_a659.113\
_bح ح
100 0 _aحنان احمد سليم .
245 1 2 _aالحملات الاعلامية عبر الاعلام الجديد /
_cتاليف حنان احمد سليم .
250 _aط.1
260 _aالقاهرة :
_bالمؤلف ،
_c2015 .
300 _a158 ص. ؛
_c24 سم.
504 _aببليوجرافية : ص 145 - 158
650 0 7 _2qrmak
_aالحملات الاعلانية
650 0 7 _2qrmak
_aالعلاقات العامة
650 0 7 _2qrmak
_aالاعلان بالصحف
650 0 7 _2qrmak
_aالاعلان بالانترنت
942 _2ddc
_cBK